000 01239nam a2200229Ii 4500
003 JO-AjNU
005 20240110131700.0
008 230605s9999||||xx |||||||||||||| ||und||
040 _aJO-AjNU
_bara
_erda
_cJO-AjNU
041 _aara
050 1 4 _aPJ6199.I2664 1987
100 3 _aالشافعي، محمد علي بن علان الصديقي، م. مشارك الدمشقي، عبد الرحمن بن أحمد الصناديقي؛ إعداد وتحقيق يسري عبد الغني عبدالله,
_eauthor
_935807
245 0 0 _aمعجم الأفعال المنية للمجهول المعروف بإتحاف الفاضل بالفعل المبني لغير الفاعل: وفي آخره رسالة في الكلام على ألفاظ عشرة يكثر دوراتها، فظلا، أيضا، هلم جر، لغة، واصطلاحا، خلافا، إجماعا واتقافا، مرة، تارة
250 _aط1
264 3 1 _aبيروت: دارالكتب العلمية، 1987
300 _a94ص
336 _atext
_btxt
_2rdacontent
337 _aunmediated
_bn
_2rdamedia
338 _avolume
_bnc
_2rdacarrier
650 4 _aاللغة العربية- الأفعال المنية للمجهول - قواعد
_935808
942 _2lcc
_cBK
999 _c18386
_d18386